01305cam a22003491 4500001001300000003000400013005001700017008004100034010001700075035001900092040002500111042001200136050001500148100004600163245002300209260003100232300007300263500021000336500004700546504006600593500002400659650001700683650003200700650002900732650001700761600005000778740002900828740002100857740003600878740002400914999001700938ca 30000859 DLC20260227111123.0771005m19209999cauabcf b 000 0 eng  aca 30000859  a(OCoLC)3319797 aDLCcCCCdOCoLCdDLC apremarc00aQC852b.C31 aCarpenter, Ford A.q(Ford Ashman),d1868-00a[Collected papers] aLos Angeles, Calif.c1920- apieces in v.billus. (incl. ports., maps) plates, diagrs.c27 cm. aPamphlets, reprints, clippings and mimeographed copies of articles from various publications, written by the manager of the Department of meteorology and aeronautics of the Los Angeles Chamber of Commerce. aCollected, bound and titled by the author. a"The bibliography of Ford Ashman Carpenter": vol. IV, no. 33. aLibrary has, v.3,4. 0aMeteorology. 0aMeteorology in aeronautics. 0aMeteorologyzCalifornia. 0aAeronautics.10aCarpenter, Ford Ashman,d1868-vBibliography.0 aTwenty weather reprints.0 aWeather methods.0 aClimatic and other comparisons.0 aWeather and flight. c16666d16666